Bulletin československých seismických stanic Praha, Cheb, Hurbanovo, Skalnaté Pleso. Ročník 1953 /

Saved in:
Bibliographic Details
Main Author: Vaněk, Jiří
Other Authors: Nykles, J.
Format: Book
Language:Czech
Published: Praha : Nakladatelství Československé akademie věd, 1954
Online Access: Get full text
Tags: Add Tag
No Tags, Be the first to tag this record!

MARC

LEADER 00000nam a2200000 4500
003 SK-BrCVT
005 20220621161232.0
008 050104s1954 cs e ||||||cze d
035 |a CVTIDW0975148 
040 |b slo  |a CVTI SR 
041 0 |a cze 
044 |a cs 
080 |a 550.34.06  |2 UDC-MRF 
100 1 |a Vaněk, Jiří 
245 1 0 |a Bulletin československých seismických stanic Praha, Cheb, Hurbanovo, Skalnaté Pleso. Ročník 1953 /  |c Jiří Vaněk, J. Nykles 
260 |a Praha :  |b Nakladatelství Československé akademie věd,  |c 1954 
300 |a 337 s. 
500 |a Geofysikální ústav 
700 1 |a Nykles, J. 
910 |b A036403 
974 |f Knihy 
992 |a ARO 
999 |c 140421  |d 140421